Nástup Habsburků na římsko-německý trůn, předěl v dějinách německy mluvících zemí

História nástupu jednej z najvýznamnejších svetových dynastií, ktorá po stáročia určovala beh nielen európskych dejín. 369 rokov kontinuálnej vlády Habsburgovcov na rímsko-nemeckom tróne ovplyvnilo kultúrny a politický vývoj územia dnešného Nemecka, Rakúska, Švajčiarska a v neposlednom rade tiež Slo...

Descrizione completa

Salvato in:
Dettagli Bibliografici
Autore principale: Maier, Tomas, 1965-
Natura: Capitolo di libro
Lingua:ceco
Soggetti:
Tags: Aggiungi Tag
Nessun Tag, puoi essere il primo ad aggiungerne!!

MARC

LEADER 00000nla a2200000 4500
001 0223170
005 20240502073642.6
041 0 |a cze 
044 |a SK 
245 1 0 |a Nástup Habsburků na římsko-německý trůn, předěl v dějinách německy mluvících zemí  |c Tomas Maier 
520 |a História nástupu jednej z najvýznamnejších svetových dynastií, ktorá po stáročia určovala beh nielen európskych dejín. 369 rokov kontinuálnej vlády Habsburgovcov na rímsko-nemeckom tróne ovplyvnilo kultúrny a politický vývoj územia dnešného Nemecka, Rakúska, Švajčiarska a v neposlednom rade tiež Slovenska a Česka. 
610 2 0 |a dejiny 
610 2 0 |a história 
610 2 0 |a monarchia 
610 2 0 |a Európa 
610 2 0 |a Nemecko 
100 1 |a Maier, Tomas, 1965-